| 000 | 01079nac a22002777a 4500 | ||
|---|---|---|---|
| 001 | BR7100726 | ||
| 003 | BR-BrBNA | ||
| 005 | 20240105113417.0 | ||
| 008 | 230509b bl.|||m| |||| 00| 0 por d | ||
| 040 |
_aBR-BrBNA _bpor _cBiblioteca Nacional de Agricultura |
||
| 072 | _aE30 | ||
| 090 | _aE30 BR7100726 | ||
| 110 | 1 |
_aDiretoria Estadual do Ministerio da Agricultura no Rio Grande do Sul, Porto Alegre (Brasil) _93454 |
|
| 245 | 1 | _aPrincipais atividades 1971 [Diretoria Estadual do Ministerio da Agricultura no Rio Grande do Sul, Assistencia tecnica; Desenvolvimento agricola; Politica agricola; Brasil] | |
| 260 | 3 |
_aPorto Alegre, RS (Brasil): _c[nd]. |
|
| 300 | _a24 p. | ||
| 490 |
_aRelatorio - Diretoria Estadual do Ministerio da Agricultura no Rio Grande do Sul (Brazil) _v _x |
||
| 500 | _a16 illus.; Published 1971? | ||
| 650 | _aASSISTENCIA TECNICA | ||
| 650 | _aDESENVOLVIMENTO AGRICOLA | ||
| 650 | _aAGRICULTURA | ||
| 650 | _aPOLITICA AGRICOLA | ||
| 650 | _aRIO GRANDE DO SUL | ||
| 909 |
_a202312 _bLúcia Elande _c55 _dLúcia Elande |
||
| 942 |
_2AGRIS _n0 _cMS |
||
| 999 |
_c263569 _d263569 |
||